| 000 | 00676nam a2200229 b 4500 | ||
|---|---|---|---|
| 003 | OSt | ||
| 005 | 20150810180014.0 | ||
| 008 | 020226s2009 mex spa | ||
| 020 | _a978-970-10-6935-6 | ||
| 040 |
_aBR-MU _cBMC |
||
| 082 | _a658.1 | ||
| 082 | _a658.04 | ||
| 100 | 1 |
_97872 _aFranklin Fincowsky, Enrique Benjamín |
|
| 245 | 1 | 0 |
_aOrganización de empresas _cEnrique Benjamín Franklin Fincowsky |
| 250 | _a3ª ed | ||
| 260 |
_aMéxico, D.F. [etc.] _bMcGraw-Hill _ccop. 2009 |
||
| 300 |
_aXXXV, 501 p. _bil. _c24 cm |
||
| 500 | _aÍndice p. [491]-501 | ||
| 650 | 2 | 4 |
_98517 _aOrganización de la empresa |
| 650 | 2 | 4 |
_93341 _aGestión de empresas |
| 942 |
_2ddc _cBK |
||
| 999 |
_c3719 _d3719 |
||